Theo dấu chân Phật Tập 1
Đây là một cuốn sách viết về hành hương. Hành trình của tác giả đưa chúng ta từ nơi Đức Phật đản sinh ra đến nơi người giác ngộ.
Salvato in:
| Autore principale: | |
|---|---|
| Altri autori: | , |
| Natura: | Libro |
| Lingua: | Vietnamese |
| Pubblicazione: |
H.
Lao động
2016
|
| Soggetti: | |
| Tags: |
Aggiungi Tag
Nessun Tag, puoi essere il primo ad aggiungerne! !
|
| Thư viện lưu trữ: | Thư viện Trường Đại học Nam Cần Thơ |
|---|
| LEADER | 00992nam a22002177a 4500 | ||
|---|---|---|---|
| 001 | NCT_81780 | ||
| 008 | 200615b xxu||||| |||| 00| 0 vie d | ||
| 999 | |c 4018 |d 4018 | ||
| 020 | |a 9786045961612 |c 78000 | ||
| 082 | 0 | 4 | |2 23rd ed. |a 294.3 |b S942/T.1 |
| 100 | 1 | |a Sucitto, Ajahn | |
| 245 | 1 | 0 | |a Theo dấu chân Phật |n Tập 1 |c Ajahn Sucitto, Nick Scott; Thiên Nga (Dịch) |
| 260 | |a H. |b Lao động |c 2016 | ||
| 300 | |a 359 tr. |c 24cm | ||
| 520 | 3 | |a Đây là một cuốn sách viết về hành hương. Hành trình của tác giả đưa chúng ta từ nơi Đức Phật đản sinh ra đến nơi người giác ngộ. | |
| 653 | |a Tham khảo | ||
| 700 | 1 | |a Scott, Nick | |
| 700 | 1 | |a Thiên Nga |e Dịch | |
| 942 | |2 ddc |c BK | ||
| 952 | |0 0 |1 0 |2 ddc |4 0 |6 294_300000000000000_S942_T_1 |7 0 |9 19836 |a 000001 |b 000001 |d 2020-06-15 |o 294.3 S942/T.1 |p TK.02032 |r 2020-06-15 |v 78000.00 |w 2020-06-15 |y BK | ||
| 980 | |a Thư viện Trường Đại học Nam Cần Thơ | ||


